| 000 | 00493nam a2200193Ia 4500 | ||
|---|---|---|---|
| 008 | 240510s9999 xx 000 0 und d | ||
| 020 | _a0000201325829 | ||
| 041 | _aEng | ||
| 082 | _a005.117 | ||
| 082 | _bL15 | ||
| 100 | _aLANGE ,D.B. : OSHIMA, M. | ||
| 245 | 0 | _aPROGRAMMING AND DEPLOYING JAVA MOBILE AGENTS WITH AGLETS | |
| 260 | _bREADING : ADDISION WESLEY | ||
| 260 | _c225 | ||
| 300 | _a225 p. | ||
| 650 | _aJAVA : OBJECT ORIENTED PROGRAMMING | ||
| 942 | _2ddc | ||
| 942 | _cLBK | ||
| 999 |
_c24963 _d24963 |
||
| 945 |
_a1 _bMadushi Gamage _c1 _dMadushi Gamage |
||